000 00969nam a2200289 i 4500
003 DO-SdBNP
005 20240306141302.0
007 ta
008 240306s1960 xxuac 000 j spa d
040 _aDO-SdBNP
_bspa
_cBNPHU
_erda
041 _heng
082 _bB493
_222
100 _aBerg, A. Scott
_911765
245 1 0 _aMax Perkins, editor of genius /
_cA. Scott Berg
264 3 _a[New York, Estados Unidos] :
_b[editor no identificado],
_c[1960].
300 _ax, 648 páginas,
_bilustraciones, retratos
_c19 cm.
336 _2rdacontent
_atexto
_btxt
337 _2rdamedia
_asin mediación
_bn
338 _2rdacarrier
_avolumen
_bnc
500 _aIncluye índice.
590 _aInventariado, 2024/ YL
600 4 _aPerkins, Maxwell E.
_d1884-1947
_q(Maxwell Evarts),
_984983
650 _aEditores
_vBiografía.
_zEstados Unidos
_984984
650 _aEditores de libros
_vBiografía.
_zEstados Unidos
_984985
910 _aYLockward
942 _2ddc
_cLBS1
999 _c56043
_d56043